000 00605nam a2200253Ia 4500
003 OSt
005 20220912152007.0
006 a|||||r|||| 00| 0
007 ta
008 220909b |||||||| |||| 00| 0 eng d
024 _a62362
037 _cTextual
040 _aCSL
_beng
_cCSL
041 _aeng
082 _aL91,183:4:6, J8
100 _aStreng A
245 0 _aHearing therapy for children
260 _c1958
300 _ap.
_ccm.
650 _aMedicine
700 _a Eitch W J
942 _hL91,183:4:6, J8
_cTEXL
_2CC
999 _c78880
_d78880